| 000 | 00981nac a22003017a 4500 | ||
|---|---|---|---|
| 001 | BR7000732 | ||
| 003 | BR-BrBNA | ||
| 005 | 20240105113400.0 | ||
| 008 | 230509b bl.|||m| |||| 00| 0 por d | ||
| 040 |
_aBR-BrBNA _bpor _cBiblioteca Nacional de Agricultura |
||
| 072 | _aF60; F40 | ||
| 090 | _a1930 BR7000732 | ||
| 100 | 1 | _aTenorio, E.C. | |
| 100 | 1 | _aFerreira, N.C.M. | |
| 100 | 1 | _aCamara Filho, J.C.S. da | |
| 110 | 1 |
_aInstituto de Pesquisas Agronomicas, Recife, PE (Brasil) _96142 |
|
| 245 | 1 | _aGramineas forrageiras de Pernambuco [Analise quimica; Ecologia vegetal; Brasil] | |
| 260 | 3 |
_aRecife, PE (Brasil): _c1970. |
|
| 300 | _a29 p. | ||
| 490 |
_aBoletim Tecnico - Instituto de Pesquisas Agronomicas (Brazil) _vno. 44 _x |
||
| 500 | _a5 ref.; 19 illus. | ||
| 650 | _aBIOQUIMICA VEGETAL | ||
| 650 | _aECOLOGIA VEGETAL | ||
| 650 | _aGRAMINEA FORRAGEIRA | ||
| 650 | _aPERNAMBUCO | ||
| 909 |
_a202312 _bLúcia Elande _c55 _dLúcia Elande |
||
| 942 |
_2AGRIS _n0 _cMS |
||
| 999 |
_c263419 _d263419 |
||